00859nam a22001937a 4500003000900000008004100009040007100050082001600121110009300137245005200230260007700282300005600359505016000415650001900575650001300594650002000607650001400627650002400641AR-CdUCM190226b ||||| |||| 00| 0 spa d aMUNICIPALIDAD PROVINCIAL DEL CUSCOcBIBLIOTECA MUNICIPAL DEL CUSCO a973 / bR44 aOficina de Programas de Información Internacional aDepartamento de los Estados Unidos aReseña de la Historia de los Estados Unidos / aEstados Unidos :bDepartamento de Estado de los Estados Unidos ; c1994. a407 páginas bmapas, fotografías, cuadrosc21cm aLoa Albores de Norteamérica -- El Periodo Colonial -- El Camino de la Independencia -- La Formación de un Gobierno Nacional -- Conflictos Sectoriales  aindependencia  agobierno aguerra mundial  aposguerra ala guerra del Golfo